00422nam a2200145Ia 4500008004100000040001900041041001200060082003800072100002500110245003200135260002800167300001600195650001800211651004700229131103s9999 xx 000 0 und d aLoreto College aEnglish a891.44/ISL-BANbLCLIB/BnSem/39145 aBanerjee, Manobendra aNazrulcManobendra Banerjee aCalcuttabPapirusc1994 a76p c 18cm aIslam, Nazrul aBengali Literature - History and Criticism